LEADER 02506nam 2200373 450 001 9910132059703321 005 20240214140201.0 010 $a1-4123-5186-3 035 $a(CKB)3680000000169447 035 $a(NjHacI)993680000000169447 035 $a(EXLCZ)993680000000169447 100 $a20240214d2006 uy 0 101 0 $afre 135 $aur||||||||||| 181 $ctxt$2rdacontent 182 $cc$2rdamedia 183 $acr$2rdacarrier 200 10$aOuvrir les sciences sociales $erapport de la Commission Gulbenkian pour la restructuration des sciences sociales /$fImmanuel Maurice Wallerstein 210 1$aChicoutimi :$cJ.-M. Tremblay,$d2006. 215 $a1 online resource 225 1 $aClassiques des sciences sociales 327 $aPre?sentation du livre et des auteurs -- -- Avant-propos -- -- Chapitre I. La construction historique des sciences sociales -- -- Chapitre II. Les de?bats au sein des sciences sociales -- -- 1. La validite? des distinctions entre les sciences sociales -- 2. Jusqu'a? quel point l'he?ritage de la science sociale est-il provincial ? -- 3. La re?alite? et la validite? de la distinction entre les « deux cultures » -- Chapitre III. Quel type de science sociale allons-nous maintenant construire ? -- -- 1. L'Homme et la nature -- 2. L'E?tat en tant que bloc de construction analytique -- 3. L'universel et le particulier -- 4. L'objectivite? -- Conclusion. Restructurer les sciences sociales -- -- 1. L'expansion d'institutions, appartenant ou associe?es aux universite?s, qui rassembleraient des spe?cialistes pour un travail commun d'une anne?e autour de the?mes urgents spe?cifiques -- -- 2. L'instauration de programmes de recherche inte?gre?s dans les structures universitaires, qui traversent les lignes traditionnelles, ont des objectifs intellectuels spe?cifiques, et disposent de fond pour une pe?riode limite?e (par exemple cinq ans). -- -- 3. L'affi1iation conjointe obligatoire des professeurs -- -- 4. Travail conjoint des e?tudiants de troisie?me cycle -- Membres de la Commission Gulbenkian. 410 0$aClassiques des sciences sociales. 517 $aOuvrir les sciences sociales 606 $aSocial sciences 615 0$aSocial sciences. 676 $a613 700 $aWallerstein$b Immanuel Maurice$0119702 801 0$bNjHacI 801 1$bNjHacl 906 $aBOOK 912 $a9910132059703321 996 $aOuvrir les sciences sociales$93979517 997 $aUNINA